Oracle8i. Desarrollo de soluciones Web
Պահպանված է:
| Հիմնական հեղինակ: | |
|---|---|
| Ձևաչափ: | Գիրք |
| Լեզու: | իսպաներեն |
| Հրապարակվել է: |
Madrid
McGraw-Hill Interamericana
2001
|
| Խորագրեր: | |
| Ցուցիչներ: |
Ավելացրեք ցուցիչ
Չկան պիտակներ, Եղեք առաջինը, ով նշում է այս գրառումը!
|
MARC
| LEADER | 00000nam a2200000 a 4500 | ||
|---|---|---|---|
| 001 | UCL6850 | ||
| 003 | CL-VaPUC | ||
| 008 | 040423e20010000SP |||||||||||||||||spa|d | ||
| 020 | |a 8448128982 | ||
| 082 | 0 | 4 | |a 005.758 |b BRO |2 21 |
| 100 | 0 | |a Brown, Bradley D |e author |9 484490 | |
| 245 | 1 | 0 | |a Oracle8i. Desarrollo de soluciones Web |
| 300 | |a 1045 p | ||
| 942 | |c BK | ||
| 945 | |d 20040423 00:00:00 |a cmena | ||
| 260 | |a Madrid |b McGraw-Hill Interamericana |c 2001 | ||
| 650 | 0 | |a Bases de datos |9 260577 | |
| 650 | 7 | |a SISTEMAS INFORMATICOS DISTRIBUIDOS |2 CL-VaPUC |9 468732 | |
| 650 | 0 | |a Programación de computadores |9 259531 | |
| 650 | 0 | |a Aplicaciones web |9 468232 | |
| 650 | 0 | |a Java |9 370043 | |
| 583 | |a last modification |c 20040423 00:00:00 |k Rodrigo Vera | ||
| 999 | |c 308736 |d 308734 | ||
| 952 | |0 0 |1 0 |4 0 |6 005_758000000000000_BRO_2001 |7 0 |8 A |9 375542 |a BIBING |b BIBING |d 2019-11-21 |i 4004574 |o 005.758 BRO 2001 |p 4004574 |r 2025-01-20 |w 2019-11-21 |y BK |k ING | ||